| 000 | 00725na a2200253 4500 | ||
|---|---|---|---|
| 001 | 12921 | ||
| 003 | MIRAKIL | ||
| 005 | 20181213154817.0 | ||
| 008 | 161012b tu 000 0 | ||
| 020 | _a9759377403 | ||
| 035 | _a12921 | ||
| 040 |
_aMilas _btur _cTR-AnCHP |
||
| 041 | _atur | ||
| 082 |
_a297.09 _bS39c 2000 |
||
| 090 | _a297.09 S39c 2000 | ||
| 100 | _aSezgin, Abdülkadir | ||
| 245 |
_aCumhuriyet döneminde dini hayatın meseleleri _cAbdulkadir Sezgin |
||
| 260 |
_aSamsun _bTürk Ocakları Samsun Şubesi _c2000 |
||
| 300 |
_a92 s. _c20 sm. |
||
| 490 |
_aTürk Ocakları Samsun Şubesi yayınları _v1 |
||
| 650 | _aİslam yaşamı | ||
| 650 |
_aİslam _xTarih _yCumhuriyet Dönemi |
||
| 942 |
_2ddc _cBKS |
||
| 999 |
_c1285 _d1285 |
||